[Event "BCF-ch Seniors 50"]
[Site "Hull"]
[Date "2018.08.04"]
[Round "7"]
[White "Robinson, James M"]
[Black "Waters, Clive L"]
[Result "0-1"]
[WhiteElo "1745"]
[BlackElo "2064"]
[PlyCount "82"]
[EventDate "2018.07.29"]
[EventType "swiss"]
[EventRounds "7"]
[EventCountry "ENG"]
[SourceTitle "CBM 185 Extra"]
[Source "ChessBase"]
[SourceDate "2018.07.29"]
[SourceVersion "1"]
[SourceVersionDate "2018.07.29"]
[SourceQuality "1"]

1. d4 Nf6 2. Nf3 g6 3. Bf4 Bg7 4. h3 0-0 5. e3 d6 6. Be2 Nc6 7. 0-0 Nd7 8. Nbd2 e5 9. Bg5 Qe8 10. c3 e4 11. Ne1 h6 12. Bf4 Kh8 13. Qc2 f5 14. b4 g5 15. Bh2 Nf6 16. b5 Nd8 17. f4 Nd5 18. Nc4 a6 19. bxa6 b5 20. Na3 Nxe3 21. Qb2 Nxf1 22. Bxf1 Bxa6 23. Nec2 b4 24. Bxa6 bxa3 25. Qxa3 Qc6 26. Nb4 Qb6 27. fxg5 hxg5 28. Qc1 Rxa6 29. Nxa6 Qxa6 30. Qxg5 Qe2 31. a4 Ne6 32. Qe7 Qe3+ 33. Kh1 Qxc3 34. Rf1 Nxd4 35. a5 Qc4 36. Rb1 Kg8 37. a6 Qxa6 38. Qxc7 f4 39. Bg1 Nf5 40. Rb7 Qa1 41. Kh2 Qe5 0-1

[Event "BCF-ch Seniors 50"]
[Site "Hull"]
[Date "2018.08.01"]
[Round "4"]
[White "Waters, Clive L"]
[Black "Matthews, Chris J"]
[Result "1-0"]
[WhiteElo "2064"]
[BlackElo "1772"]
[PlyCount "51"]
[EventDate "2018.07.29"]
[EventType "swiss"]
[EventRounds "7"]
[EventCountry "ENG"]
[SourceTitle "CBM 185 Extra"]
[Source "ChessBase"]
[SourceDate "2018.07.29"]
[SourceVersion "1"]
[SourceVersionDate "2018.07.29"]
[SourceQuality "1"]

1. e4 c5 2. Nf3 Nc6 3. c3 g6 4. Bc4 e6 5. 0-0 Bg7 6. Bb5 Nge7 7. Re1 0-0 8. d4 cxd4 9. cxd4 d5 10. e5 Nf5 11. Nc3 Qb6 12. Bxc6 Qxc6 13. Bg5 Qd7 14. Qd2 b6 15. Nd1 Ba6 16. g4 h6 17. gxf5 hxg5 18. f6 Bh6 19. Nxg5 Rfc8 20. Qf4 Rc4 21. Ne3 Rac8 22. Nxc4 dxc4 23. Qh4 Bxg5 24. Qxg5 Qe8 25. Re4 Bb7 26. Rh4 1-0

[Event "BCF-ch Seniors 50"]
[Site "Hull"]
[Date "2018.07.31"]
[Round "3"]
[White "Gibbs, Dominic V"]
[Black "Waters, Clive L"]
[Result "1-0"]
[WhiteElo "1948"]
[BlackElo "2064"]
[PlyCount "39"]
[EventDate "2018.07.29"]
[EventType "swiss"]
[EventRounds "7"]
[EventCountry "ENG"]
[SourceTitle "CBM 185 Extra"]
[Source "ChessBase"]
[SourceDate "2018.07.29"]
[SourceVersion "1"]
[SourceVersionDate "2018.07.29"]
[SourceQuality "1"]

1. e4 g6 2. Nc3 Bg7 3. d4 c6 4. Be3 d6 5. g3 Nf6 6. h3 0-0 7. Bg2 e5 8. Nge2 Nbd7 9. 0-0 Re8 10. a4 a5 11. g4 h5 12. g5 Nh7 13. h4 exd4 14. Bxd4 Bxd4 15. Qxd4 Qb6 16. Qxd6 Qxb2 17. Rab1 Qxc2 18. Rfc1 Re6 19. Qd4 c5 20. Qe3 1-0

[Event "BCF-chT1b 1617 (4NCL)"]
[Site "England"]
[Date "2016.11.20"]
[Round "2.86"]
[White "Waters, Clive L"]
[Black "Clarke, Brandon GI"]
[Result "0-1"]
[WhiteElo "2081"]
[BlackElo "2288"]
[PlyCount "100"]
[EventDate "2016.11.19"]
[EventType "team-tourn"]
[EventRounds "7"]
[EventCountry "ENG"]
[SourceTitle "CBM 175 Extra"]
[Source "ChessBase"]
[SourceDate "2016.12.12"]
[SourceVersion "1"]
[SourceVersionDate "2016.12.12"]
[SourceQuality "1"]
[WhiteTeam "North East England"]
[BlackTeam "Wood Green"]
[WhiteTeamCountry "ENG"]
[BlackTeamCountry "ENG"]

1. Nf3 Nf6 2. g3 g6 3. Bg2 Bg7 4. 0-0 0-0 5. d3 c5 6. c3 Nc6 7. Qa4 Rb8 8. Qh4 Re8 9. Bh6 Bh8 10. e4 d6 11. h3 Ne5 12. Nxe5 dxe5 13. Na3 b5 14. Rad1 Be6 15. c4 b4 16. Nc2 b3 17. axb3 Rxb3 18. Ne3 Rxb2 19. Nd5 Nxd5 20. cxd5 Bd7 21. Qg5 Qb6 22. Qc1 a5 23. Be3 Rc8 24. Qa1 a4 25. Rc1 Rb3 26. Rc3 Rxc3 27. Qxc3 Qb4 28. Rc1 a3 29. Qa1 Ba4 30. Bf3 Bb3 31. Bd1 Bxd1 32. Rxd1 Rb8 33. Kg2 f5 34. Qa2 Qb3 35. Ra1 Qxd3 36. d6+ c4 37. dxe7 Qxe4+ 38. Kh2 f4 39. Rd1 Bf6 40. gxf4 exf4 41. Ba7 Re8 42. Qxa3 Rxe7 43. Bc5 Re8 44. Qa4 f3 45. Bd4 Qe2 46. Qxe8+ Qxe8 47. Bxf6 Qe2 48. Rd8+ Kf7 49. Bd4 g5 50. Be3 Qf1 0-1

[Event "Durham op"]
[Site "Houghton le Spring"]
[Date "2016.04.17"]
[Round "4"]
[White "Waters, Clive L"]
[Black "Addison, Bret"]
[Result "0-1"]
[WhiteElo "2093"]
[BlackElo "2180"]
[PlyCount "100"]
[EventDate "2016.04.15"]
[EventType "swiss"]
[EventRounds "5"]
[EventCountry "ENG"]
[SourceTitle "CBM 171 Extra"]
[Source "ChessBase"]
[SourceDate "2016.04.26"]
[SourceVersion "1"]
[SourceVersionDate "2016.04.26"]
[SourceQuality "1"]

1. d4 f5 2. g3 Nf6 3. Bg2 g6 4. b3 Bg7 5. Bb2 0-0 6. Nf3 d6 7. 0-0 c6 8. Nbd2 a5 9. c4 Na6 10. a3 Qc7 11. Qc2 Re8 12. Rac1 e5 13. dxe5 dxe5 14. e4 Nc5 15. Ng5 h6 16. b4 hxg5 17. bxc5 f4 18. Rfe1 Nd7 19. gxf4 gxf4 20. Kh1 Nxc5 21. Rg1 Kf7 22. Nb3 Nxb3 23. Qxb3 Rh8 24. Bf3 Rh4 25. Rg2 c5 26. Rcg1 Ra6 27. Bc3 Bh3 28. Rg5 Re6 29. Qd1 Bh6 30. Qd5 Bxg5 31. Rxg5 Qc6 32. Bxe5 Qxd5 33. exd5 Re8 34. Be4 Bf5 35. Bxf5 Rxe5 36. Bxg6+ Kf6 37. Rxe5 Kxe5 38. f3 Rh6 39. Bf7 Kd4 40. Kg2 Kc3 41. h4 Rxh4 42. d6 Rh6 43. d7 Rd6 44. Be6 Kd4 45. Kf2 Ke5 46. Bg4 Kf6 47. Ke2 Ke7 48. Bf5 Rd4 49. Be4 Rxd7 50. a4 Kf6 0-1

[Event "BCF-chT2b 1516 (4NCL)"]
[Site "England"]
[Date "2016.03.19"]
[Round "7.18"]
[White "Waters, Clive L"]
[Black "Allison, Conrad"]
[Result "1-0"]
[WhiteElo "2207"]
[BlackElo "2065"]
[PlyCount "95"]
[EventDate "2015.11.14"]
[EventType "team-tourn"]
[EventRounds "7"]
[EventCountry "ENG"]
[SourceTitle "EXT 2017"]
[Source "ChessBase"]
[SourceDate "2016.10.25"]
[SourceVersion "1"]
[SourceVersionDate "2016.10.25"]
[SourceQuality "1"]
[WhiteTeam "North East England"]
[BlackTeam "Cambridge II"]
[WhiteTeamCountry "ENG"]
[BlackTeamCountry "ENG"]

1. e4 e5 2. Nf3 Nc6 3. Bc4 Bc5 4. 0-0 Nf6 5. d3 h6 6. c3 d6 7. b4 Bb6 8. Nbd2 0-0 9. Bb3 a6 10. Nc4 Ba7 11. Be3 b5 12. Ncd2 Be6 13. Bxa7 Rxa7 14. d4 Bxb3 15. Qxb3 exd4 16. cxd4 Re8 17. d5 Ne5 18. Nd4 Qd7 19. f3 c5 20. dxc6 Nxc6 21. Nxc6 Qxc6 22. Qe3 Rae7 23. Rac1 Qb7 24. Nb3 d5 25. Na5 Qa8 26. Qf4 dxe4 27. Nc6 Re6 28. Nd4 Qa7 29. Rc5 Nd7 30. Nxe6 Rxe6 31. Qc7 Qxc7 32. Rxc7 Nb6 33. fxe4 Rxe4 34. a3 Re3 35. Rf3 Re2 36. h3 Re6 37. Rd3 a5 38. Rd8+ Kh7 39. Ra8 Nd5 40. Rc5 Nf4 41. Rc2 Nd3 42. Ra7 Kg6 43. Rcc7 Ne5 44. Re7 Rxe7 45. Rxe7 Nc4 46. Ra7 f6 47. Rxa5 Kg5 48. Rxb5+ 1-0

[Event "BCF-chT2b 1516 (4NCL)"]
[Site "England"]
[Date "2016.02.14"]
[Round "6.54"]
[White "Rich, Mark"]
[Black "Waters, Clive L"]
[Result "1/2-1/2"]
[WhiteElo "2260"]
[BlackElo "2207"]
[PlyCount "53"]
[EventDate "2015.11.14"]
[EventType "team-tourn"]
[EventRounds "7"]
[EventCountry "ENG"]
[SourceTitle "CBM 170 Extra"]
[Source "ChessBase"]
[SourceDate "2016.02.25"]
[SourceVersion "1"]
[SourceVersionDate "2016.02.25"]
[SourceQuality "1"]
[WhiteTeam "The ADS"]
[BlackTeam "North East England"]
[WhiteTeamCountry "ENG"]
[BlackTeamCountry "ENG"]

1. e4 c6 2. d4 d5 3. exd5 cxd5 4. c4 Nf6 5. Nc3 g6 6. Bg5 Ne4 7. cxd5 Nxc3 8. bxc3 Qxd5 9. Be3 Bg7 10. Nf3 Nc6 11. Be2 0-0 12. 0-0 Na5 13. Qc1 Nc4 14. Bh6 Bf5 15. Bxg7 Kxg7 16. Re1 Rac8 17. Bxc4 Rxc4 18. Rxe7 Rfc8 19. Qf4 Rxc3 20. Rae1 R8c6 21. h4 Rf6 22. h5 gxh5 23. R7e5 Qd7 24. Re7 Qd5 25. R7e5 Qd7 26. Re7 Qd5 27. R7e5 1/2-1/2

[Event "GBR-ch 102nd"]
[Site "Coventry"]
[Date "2015.08.06"]
[Round "10"]
[White "Waters, Clive L"]
[Black "Evans, Nicholas Thomas"]
[Result "1/2-1/2"]
[WhiteElo "2147"]
[BlackElo "1923"]
[PlyCount "103"]
[EventDate "2015.07.27"]
[EventType "swiss"]
[EventRounds "11"]
[EventCountry "ENG"]
[SourceTitle "CBM 167 Extra"]
[Source "ChessBase"]
[SourceDate "2015.09.14"]
[SourceVersion "1"]
[SourceVersionDate "2015.09.14"]
[SourceQuality "1"]

1. d4 d5 2. Nf3 e6 3. c4 c5 4. cxd5 exd5 5. g3 Nc6 6. Bg2 Nf6 7. 0-0 Be7 8. a3 c4 9. Ne5 0-0 10. Bg5 Be6 11. Nxc6 bxc6 12. b3 c5 13. bxc4 cxd4 14. Qxd4 dxc4 15. Qxd8 Raxd8 16. Nc3 h6 17. Be3 Rd7 18. Bc6 Rc7 19. Bf3 Rd7 20. Rfc1 a6 21. Kg2 Rc8 22. Na4 Nd5 23. Bxd5 Bxd5+ 24. f3 Bf6 25. Rab1 Re8 26. Nb6 Rdd8 27. Kf2 c3 28. Rb4 Bc6 29. Na4 a5 30. Rc4 Bb5 31. Rf4 Bg5 32. Nxc3 Bxf4 33. Bxf4 Bc6 34. Bc7 Ra8 35. Nd1 Bb5 36. Ne3 Rac8 37. Rc5 a4 38. Rc2 Re7 39. Nd5 Rd7 40. e4 Ba6 41. Rc3 Bb7 42. Ba5 Rxc3 43. Nxc3 f6 44. Ke3 Bc6 45. h4 g6 46. Bb4 Kf7 47. Bc5 g5 48. h5 Rd8 49. g4 Ke6 50. Bb4 Ke5 51. Bc5 Rb8 52. Bb4 1/2-1/2

[Event "GBR-ch 102nd"]
[Site "Coventry"]
[Date "2015.08.04"]
[Round "8"]
[White "Waters, Clive L"]
[Black "Shepherd, Katherine M"]
[Result "1/2-1/2"]
[WhiteElo "2147"]
[BlackElo "1864"]
[PlyCount "98"]
[EventDate "2015.07.27"]
[EventType "swiss"]
[EventRounds "11"]
[EventCountry "ENG"]
[SourceTitle "CBM 167 Extra"]
[Source "ChessBase"]
[SourceDate "2015.09.14"]
[SourceVersion "1"]
[SourceVersionDate "2015.09.14"]
[SourceQuality "1"]

1. d4 d5 2. c4 c6 3. Nf3 Nf6 4. Nc3 e6 5. e3 Nbd7 6. Be2 Bd6 7. 0-0 0-0 8. Qc2 dxc4 9. Bxc4 e5 10. h3 exd4 11. exd4 Nb6 12. Bb3 Be7 13. Bf4 Nbd5 14. Be5 h6 15. Rfd1 Be6 16. Na4 Nb4 17. Qc3 Ne4 18. Qe3 Bxb3 19. Qxb3 Qd5 20. Qxd5 Nxd5 21. Re1 f5 22. a3 b5 23. Nc3 Ndxc3 24. bxc3 Nxc3 25. Bxg7 Kxg7 26. Rxe7+ Kf6 27. Rae1 Ne4 28. Rh7 Rh8 29. Rxh8 Rxh8 30. Ne5 Rc8 31. f3 Nc3 32. g4 a5 33. Nd7+ Kg5 34. Re5 Kf4 35. Kf2 fxg4 36. hxg4 Nd1+ 37. Ke2 Nc3+ 38. Kd3 Nd5 39. Rf5+ Kg3 40. Nc5 b4 41. Ne4+ Kg2 42. axb4 axb4 43. Nd6 Ra8 44. Nc4 b3 45. Rf7 Ra2 46. Rb7 Kxf3 47. Ne5+ Kg3 48. Rxb3 Kf4 49. Nxc6 Kxg4 1/2-1/2

[Event "GBR-ch 102nd"]
[Site "Coventry"]
[Date "2015.08.01"]
[Round "6"]
[White "Waters, Clive L"]
[Black "Asenov, Pavel"]
[Result "0-1"]
[WhiteElo "2147"]
[BlackElo "2081"]
[PlyCount "70"]
[EventDate "2015.07.27"]
[EventType "swiss"]
[EventRounds "11"]
[EventCountry "ENG"]
[SourceTitle "CBM 167 Extra"]
[Source "ChessBase"]
[SourceDate "2015.09.14"]
[SourceVersion "1"]
[SourceVersionDate "2015.09.14"]
[SourceQuality "1"]

1. c4 Nf6 2. Nf3 g6 3. g3 Bg7 4. Bg2 0-0 5. 0-0 d6 6. Nc3 a6 7. b4 d5 8. d4 Nc6 9. b5 Na5 10. Ne5 dxc4 11. Bf4 axb5 12. Nxb5 c6 13. Nc3 Be6 14. Rb1 Nd5 15. Bd2 Qc7 16. Nf3 Nxc3 17. Bxc3 Bf5 18. Rc1 Rfd8 19. Qe1 Be4 20. Rd1 c5 21. d5 Bxc3 22. Qxc3 Bxd5 23. Ne5 Bxg2 24. Kxg2 b5 25. Ng4 f6 26. Qe3 Nb7 27. Qe6+ Kg7 28. Rxd8 Nxd8 29. Qe3 Rxa2 30. h4 Nf7 31. h5 gxh5 32. Nh2 Qe5 33. Qf3 Qxe2 34. Qb7 Ng5 35. Qc7 Qe4+ 0-1

[Event "GBR-ch 102nd"]
[Site "Coventry"]
[Date "2015.07.29"]
[Round "3"]
[White "Grieve, Harry"]
[Black "Waters, Clive L"]
[Result "1/2-1/2"]
[WhiteElo "1899"]
[BlackElo "2147"]
[PlyCount "99"]
[EventDate "2015.07.27"]
[EventType "swiss"]
[EventRounds "11"]
[EventCountry "ENG"]
[SourceTitle "CBM 167 Extra"]
[Source "ChessBase"]
[SourceDate "2015.09.14"]
[SourceVersion "1"]
[SourceVersionDate "2015.09.14"]
[SourceQuality "1"]

1. e4 e5 2. Nf3 Nc6 3. Bc4 Nf6 4. d3 Be7 5. c3 0-0 6. Nbd2 d5 7. Bb3 Be6 8. 0-0 Qd7 9. Re1 dxe4 10. Bxe6 Qxe6 11. dxe4 Rad8 12. Qb3 Qxb3 13. axb3 Nd7 14. Nc4 Nc5 15. Nfxe5 Nxe5 16. Nxe5 Nxe4 17. b4 f5 18. Rxa7 Bf6 19. Nf3 Rd7 20. Rxb7 Rfd8 21. Be3 Nd6 22. Ra7 Nc4 23. Bd4 Bxd4 24. Nxd4 Nxb2 25. Nxf5 Nd3 26. Rf1 Rf8 27. Nd4 Rf6 28. g3 Nxb4 29. cxb4 Rxd4 30. Rxc7 Rxb4 31. Rd1 Rb2 32. Rd8+ Rf8 33. Rdd7 Rfxf2 34. Rxg7+ Kf8 35. Rxh7 Rg2+ 36. Kf1 Kg8 37. Rhd7 Rgf2+ 38. Ke1 Rbe2+ 39. Kd1 Re8 40. h4 Ra8 41. Ke1 Rg2 42. Rg7+ Kh8 43. Kf1 Ra1+ 44. Kxg2 Rg1+ 45. Kf2 Rg2+ 46. Ke1 Rg1+ 47. Kd2 Rg2+ 48. Kc1 Rg1+ 49. Kb2 Rb1+ 50. Kxb1 1/2-1/2

[Event "BCF-chT3 1415 (4NCL)"]
[Site "England"]
[Date "2015.03.21"]
[Round "7.57"]
[White "Maciol, Ryszard"]
[Black "Waters, Clive L"]
[Result "1-0"]
[WhiteElo "2210"]
[BlackElo "2123"]
[PlyCount "105"]
[EventDate "2015.03.21"]
[EventType "team-swiss"]
[EventRounds "11"]
[EventCountry "ENG"]
[SourceTitle "EXT 2016"]
[Source "ChessBase"]
[SourceDate "2015.10.08"]
[SourceVersion "1"]
[SourceVersionDate "2015.10.08"]
[SourceQuality "1"]
[WhiteTeam "Celtic Tigers"]
[BlackTeam "North East England"]
[WhiteTeamCountry "ENG"]
[BlackTeamCountry "ENG"]

1. d4 d5 2. c4 e6 3. Nc3 Nf6 4. Bg5 Nbd7 5. cxd5 exd5 6. e3 c6 7. Bd3 Be7 8. Qc2 0-0 9. Nge2 Re8 10. 0-0 Nf8 11. f3 Ng6 12. e4 dxe4 13. fxe4 Ng4 14. Bxe7 Qxe7 15. Qd2 Be6 16. h3 Nf6 17. e5 Nd5 18. Ne4 Rad8 19. Nd6 Rf8 20. Be4 b6 21. Rac1 c5 22. Bxg6 hxg6 23. dxc5 bxc5 24. Rxc5 Nb6 25. Qc2 Bd5 26. Nf4 Qxe5 27. Nb5 Qe3+ 28. Qf2 Qxf2+ 29. Rxf2 Bxa2 30. Nxa7 Rfe8 31. b4 Bb3 32. Rb2 Ba4 33. Ne2 Rd1+ 34. Kf2 Ra1 35. Nc3 Bd7 36. Nc6 Ree1 37. Nd4 Be6 38. Nf3 Rf1+ 39. Kg3 Nc4 40. Re2 Ra3 41. Rxe6 fxe6 42. Rxc4 Rc1 43. Rc8+ Kf7 44. Ng5+ Ke7 45. Nge4 Kd7 46. Rc4 Rd1 47. b5 Rd5 48. Kg4 Rf5 49. b6 Ra8 50. Rc7+ Kd8 51. Rxg7 Rf8 52. b7 Rb8 53. Nc5 1-0

[Event "BCF-chT3N 1415 (4NCL)"]
[Site "England"]
[Date "2015.01.11"]
[Round "4.59"]
[White "Bak, Andrew"]
[Black "Waters, Clive L"]
[Result "0-1"]
[WhiteElo "2062"]
[BlackElo "2134"]
[PlyCount "42"]
[EventDate "2014.11.15"]
[EventType "team-swiss"]
[EventRounds "6"]
[EventCountry "ENG"]
[SourceTitle "EXT 2016"]
[Source "ChessBase"]
[SourceDate "2015.10.08"]
[SourceVersion "1"]
[SourceVersionDate "2015.10.08"]
[SourceQuality "1"]
[WhiteTeam "Bradford DCA Knights"]
[BlackTeam "North East England"]
[WhiteTeamCountry "ENG"]
[BlackTeamCountry "ENG"]

1. d4 Nf6 2. Nf3 g6 3. c4 Bg7 4. Nc3 0-0 5. e4 c6 6. e5 Ne8 7. Be3 d6 8. exd6 Nxd6 9. Be2 Bg4 10. Qd3 Nd7 11. 0-0 Nf5 12. Rfd1 Nxe3 13. fxe3 e5 14. d5 Qb6 15. Kh1 e4 16. Nxe4 Bf5 17. Nfd2 Nc5 18. Qc2 cxd5 19. cxd5 Rac8 20. Nc4 Nxe4 21. Bd3 Rxc4 0-1

[Event "BCF-chT3N 1415 (4NCL)"]
[Site "England"]
[Date "2015.01.10"]
[Round "3.59"]
[White "Waters, Clive L"]
[Black "Slinger, Tony J"]
[Result "1/2-1/2"]
[WhiteElo "2134"]
[BlackElo "1955"]
[PlyCount "80"]
[EventDate "2014.11.15"]
[EventType "team-swiss"]
[EventRounds "6"]
[EventCountry "ENG"]
[SourceTitle "EXT 2016"]
[Source "ChessBase"]
[SourceDate "2015.10.08"]
[SourceVersion "1"]
[SourceVersionDate "2015.10.08"]
[SourceQuality "1"]
[WhiteTeam "North East England"]
[BlackTeam "Bradford DCA Knights II"]
[WhiteTeamCountry "ENG"]
[BlackTeamCountry "ENG"]

1. d4 d5 2. Nf3 c6 3. c4 Nf6 4. Nc3 e6 5. e3 Nbd7 6. Bd3 Bd6 7. 0-0 0-0 8. e4 dxe4 9. Nxe4 Nxe4 10. Bxe4 Nf6 11. Bc2 Re8 12. Bg5 Bf8 13. Qd3 g6 14. Rad1 Bg7 15. Ne5 Qc7 16. Qf3 Nh5 17. Ng4 f5 18. Nh6+ Kh8 19. Rfe1 Bd7 20. c5 Rf8 21. Qe3 Rae8 22. f4 Nf6 23. Qf3 Nd5 24. a3 b6 25. b4 a5 26. Bb3 axb4 27. Bxd5 exd5 28. Rxe8 Bxe8 29. axb4 bxc5 30. bxc5 Bf7 31. h4 Re8 32. h5 Re4 33. Kh2 Rxd4 34. Ra1 Be8 35. Nxf5 gxf5 36. h6 Re4 37. hxg7+ Qxg7 38. Ra8 Qf7 39. Qh3 Kg8 40. Rd8 Qg6 1/2-1/2

[Event "BCF-chT3N 1415 (4NCL)"]
[Site "England"]
[Date "2014.11.16"]
[Round "2.58"]
[White "Waters, Clive L"]
[Black "Richardson, Alex"]
[Result "1-0"]
[WhiteElo "2123"]
[BlackElo "2113"]
[PlyCount "121"]
[EventDate "2014.11.15"]
[EventType "team-swiss"]
[EventRounds "6"]
[EventCountry "ENG"]
[SourceTitle "CBM 163 Extra"]
[Source "ChessBase"]
[SourceDate "2014.12.23"]
[SourceVersion "1"]
[SourceVersionDate "2014.12.23"]
[SourceQuality "1"]
[WhiteTeam "North East England"]
[BlackTeam "Cheddleton II"]
[WhiteTeamCountry "ENG"]
[BlackTeamCountry "ENG"]

1. d4 Nf6 2. Nf3 e6 3. c4 c5 4. d5 exd5 5. cxd5 Bd6 6. g3 Bc7 7. Bg2 d6 8. 0-0 0-0 9. Nc3 a6 10. a4 Re8 11. Nd2 Nbd7 12. b3 Rb8 13. Bb2 b5 14. Qc2 Nf8 15. e3 b4 16. Ncb1 Ng6 17. Nc4 Bg4 18. f3 Bd7 19. e4 Qc8 20. Nbd2 Bh3 21. Rfe1 Bxg2 22. Kxg2 Qd7 23. Ne3 Ne5 24. Ndc4 Nxc4 25. Qxc4 a5 26. Bxf6 gxf6 27. Nf5 Kh8 28. Rac1 Rg8 29. Qe2 Rg6 30. Qd2 Bd8 31. Qf4 Be7 32. Rxc5 dxc5 33. Qxb8+ Rg8 34. Qb6 c4 35. bxc4 Bd8 36. Qb5 Qxb5 37. cxb5 Bb6 38. Ne7 Rd8 39. Kf1 Rd7 40. Nf5 Rc7 41. d6 Rc2 42. Rb1 Rxh2 43. Rb3 Rc2 44. Ke1 h5 45. Ne7 Bc5 46. Rd3 b3 47. Rxb3 Bxd6 48. Kd1 Rc4 49. Nf5 Bb8 50. Rd3 Bc7 51. Rd7 Kg8 52. Ke2 Kf8 53. b6 Bxb6 54. Rxf7+ Kxf7 55. Nd6+ Ke6 56. Nxc4 Bc7 57. f4 h4 58. f5+ Kd7 59. gxh4 Kc6 60. h5 Kc5 61. Nxa5 1-0

[Event "Scarborough op"]
[Site "Scarborough"]
[Date "2014.10.24"]
[Round "2"]
[White "Adair, James R"]
[Black "Waters, Clive L"]
[Result "1-0"]
[WhiteElo "2420"]
[BlackElo "2108"]
[PlyCount "101"]
[EventDate "2014.10.23"]
[EventType "swiss"]
[EventRounds "5"]
[EventCountry "ENG"]
[SourceTitle "EXT 2015"]
[Source "ChessBase"]
[SourceDate "2014.11.20"]
[SourceVersion "1"]
[SourceVersionDate "2014.11.20"]
[SourceQuality "1"]

1. e4 c5 2. Nf3 e6 3. d4 cxd4 4. Nxd4 a6 5. Bd3 Ne7 6. Nc3 Nec6 7. Nb3 b5 8. 0-0 Bb7 9. Qg4 Ne5 10. Qg3 Nbc6 11. f4 Nxd3 12. cxd3 Na5 13. Nxa5 Qxa5 14. f5 b4 15. Nd1 e5 16. f6 g6 17. Ne3 d6 18. Nc4 Qb5 19. Be3 h5 20. a4 Qd7 21. Nb6 Qg4 22. Qxg4 hxg4 23. Nxa8 Bxa8 24. Rac1 Kd7 25. Rc2 d5 26. Rfc1 Bd6 27. Bc5 dxe4 28. dxe4 Bxc5+ 29. Rxc5 Ke6 30. R1c4 Kxf6 31. Rxb4 Rd8 32. Kf2 Rd2+ 33. Ke3 Rxg2 34. Rb8 Bxe4 35. Kxe4 Re2+ 36. Kd3 Rxh2 37. Ke3 Kf5 38. Rf8 f6 39. Rc6 Rh3+ 40. Ke2 Ke4 41. Rfxf6 g3 42. Rxg6 Rh2+ 43. Kf1 Rf2+ 44. Kg1 Rxb2 45. Rxa6 Rb1+ 46. Kg2 Rb2+ 47. Kxg3 Rb3+ 48. Kf2 Rb2+ 49. Kf1 Ke3 50. Rae6 e4 51. Rg4 1-0

[Event "GBR-ch 100th"]
[Site "Torquay"]
[Date "2013.08.08"]
[Round "10"]
[White "Freeman, Richard"]
[Black "Waters, Clive L"]
[Result "1/2-1/2"]
[WhiteElo "2030"]
[BlackElo "2129"]
[PlyCount "49"]
[EventDate "2013.07.29"]
[EventType "swiss"]
[EventRounds "11"]
[EventCountry "ENG"]
[SourceTitle "CBM 155 Extra"]
[Source "ChessBase"]
[SourceDate "2013.08.26"]
[SourceVersion "1"]
[SourceVersionDate "2013.08.26"]
[SourceQuality "1"]

1. d4 d5 2. Bf4 Nf6 3. e3 c5 4. c3 Nc6 5. Bd3 Qb6 6. Qc1 Nh5 7. Ne2 Nxf4 8. Nxf4 e6 9. Nd2 Bd7 10. 0-0 Rc8 11. Nf3 Bd6 12. e4 dxe4 13. dxc5 Bxc5 14. Bxe4 0-0 15. b4 Be7 16. Rd1 Be8 17. Qd2 Qc7 18. Rac1 Rd8 19. Qe3 Rxd1+ 20. Rxd1 b6 21. Bb1 Bf6 22. Nh5 Be7 23. Nf4 Bf6 24. Nh5 Be7 25. Nf4 1/2-1/2

[Event "GBR-ch 100th"]
[Site "Torquay"]
[Date "2013.08.07"]
[Round "9"]
[White "Waters, Clive L"]
[Black "Moss, Guy"]
[Result "0-1"]
[WhiteElo "2129"]
[BlackElo "2018"]
[PlyCount "74"]
[EventDate "2013.07.29"]
[EventType "swiss"]
[EventRounds "11"]
[EventCountry "ENG"]
[SourceTitle "EXT 2014"]
[Source "ChessBase"]
[SourceDate "2013.11.20"]
[SourceVersion "1"]
[SourceVersionDate "2013.11.20"]
[SourceQuality "1"]

1. Nf3 Nf6 2. c4 c6 3. d4 d5 4. Nc3 dxc4 5. a4 Bf5 6. e3 e6 7. Bxc4 Bb4 8. 0-0 0-0 9. Qe2 Nbd7 10. e4 Bg6 11. Bd3 c5 12. e5 Nd5 13. Nxd5 exd5 14. Bxg6 hxg6 15. Ng5 Qe7 16. Qf3 Rfd8 17. Qh3 Nf8 18. f4 f6 19. f5 fxg5 20. f6 gxf6 21. exf6 Qf7 22. Bxg5 Nh7 23. Bh6 cxd4 24. Rf4 Re8 25. Bg7 Re4 26. Rf3 Re3 27. Rc1 Rae8 28. Qh4 Rxf3 29. gxf3 Bd2 30. Rc5 Be3+ 31. Kg2 d3 32. Rc3 Bg5 33. Qg3 d2 34. Rc7 Re2+ 35. Kh3 Qe6+ 36. Qg4 Qxg4+ 37. fxg4 Bxf6 0-1

[Event "GBR-ch 100th"]
[Site "Torquay"]
[Date "2013.08.02"]
[Round "5"]
[White "Waters, Clive L"]
[Black "Gill, Oliver"]
[Result "1-0"]
[WhiteElo "2129"]
[BlackElo "1974"]
[PlyCount "64"]
[EventDate "2013.07.29"]
[EventType "swiss"]
[EventRounds "11"]
[EventCountry "ENG"]
[SourceTitle "CBM 155 Extra"]
[Source "ChessBase"]
[SourceDate "2013.08.26"]
[SourceVersion "1"]
[SourceVersionDate "2013.08.26"]
[SourceQuality "1"]

1. Nf3 d5 2. d4 Nc6 3. g3 Bg4 4. Nbd2 Qd7 5. h3 Bf5 6. c3 f6 7. Nh4 Be6 8. Bg2 g5 9. Nhf3 Bf5 10. b4 a6 11. Nb3 b6 12. a4 Nh6 13. h4 g4 14. Nfd2 e6 15. 0-0 Bg6 16. e4 Bg7 17. exd5 exd5 18. Re1+ Kf7 19. Nf1 Rhe8 20. Bf4 Rxe1 21. Qxe1 Re8 22. Ne3 Be4 23. Qf1 Bxg2 24. Kxg2 Nb8 25. c4 c6 26. cxd5 Nf5 27. Qc4 Nxe3+ 28. fxe3 cxd5 29. Qd3 Rc8 30. Qxh7 f5 31. Be5 Rg8 32. Rf1 Ke8 1-0

[Event "Blackpool op 37th"]
[Site "Blackpool"]
[Date "2013.03.10"]
[Round "5"]
[White "Jaunooby, Ali Reza"]
[Black "Waters, Clive L"]
[Result "1/2-1/2"]
[WhiteElo "2159"]
[BlackElo "2129"]
[PlyCount "110"]
[EventDate "2013.03.08"]
[EventType "swiss"]
[EventRounds "5"]
[EventCountry "ENG"]
[SourceTitle "CBM 153 Extra"]
[Source "ChessBase"]
[SourceDate "2013.04.22"]
[SourceVersion "1"]
[SourceVersionDate "2013.04.22"]
[SourceQuality "1"]

1. d4 e6 2. c4 Bb4+ 3. Bd2 Bxd2+ 4. Qxd2 Nf6 5. Nc3 0-0 6. e4 d5 7. e5 Nfd7 8. Nf3 dxc4 9. Bxc4 c5 10. d5 Nb6 11. b3 exd5 12. Nxd5 Nc6 13. Rd1 Nxc4 14. bxc4 Bg4 15. Qf4 Qa5+ 16. Rd2 Bxf3 17. gxf3 Rfe8 18. Nf6+ Kh8 19. Nxe8 Rxe8 20. Qxf7 Rd8 21. Qf4 Qc3 22. e6 h6 23. e7 Nxe7 24. Ke2 Rxd2+ 25. Qxd2 Qxc4+ 26. Kd1 Nc6 27. Qc2 Qd5+ 28. Kc1 Nd4 29. Qb2 Qc4+ 30. Kb1 Qd3+ 31. Ka1 Nc2+ 32. Kb1 Nd4+ 33. Ka1 Qxf3 34. Re1 Qd3 35. Re8+ Kh7 36. Qb1 Nc2+ 37. Kb2 Qb5+ 38. Kxc2 Qxe8 39. Kd2+ Qg6 40. Qxb7 Qg5+ 41. Ke2 Qe5+ 42. Kf3 Qh5+ 43. Ke3 Qh3+ 44. Kd2 Qe6 45. Qxa7 Qd5+ 46. Ke1 Qe4+ 47. Kf1 Qd3+ 48. Ke1 Qb1+ 49. Kd2 c4 50. Qa3 h5 51. h3 h4 52. f4 Qa1 53. Kc2 Qd4 54. Qf3 Kg8 55. Qa8+ Kh7 1/2-1/2